Designing of Modular Robots

Popis rôznych druhov automatických systémov a robotiky. Analýza nutnosti poznať základné princípy štruktúry robota ešte pred stanovením kompozície programu.

Salvato in:
Dettagli Bibliografici
Autore principale: Daneshjo, Naqibullah, 1964-
Altri autori: Svetlík, Jozef
Natura: Capitolo di libro
Lingua:inglese
Soggetti:
Tags: Aggiungi Tag
Nessun Tag, puoi essere il primo ad aggiungerne!!

MARC

LEADER 00000naa$a2200000$$$4500
001 0273857
005 20220819100740.3
041 0 |a eng 
044 |a SK 
245 1 0 |a Designing of Modular Robots  |c Naqibullah Daneshjo, Jozef Svetlík 
520 |a Popis rôznych druhov automatických systémov a robotiky. Analýza nutnosti poznať základné princípy štruktúry robota ešte pred stanovením kompozície programu. 
610 2 0 |a robotizácia 
610 2 0 |a automatizácia 
610 2 0 |a dizajn 
610 2 0 |a moduly 
100 1 |a Daneshjo, Naqibullah, 1964- 
700 1 |a Svetlík, Jozef